[Event "OEsterreichische Damenbundesliga 2014/2015"]
[Site "Hartkirchen, St. Veit, Mayrhofen"]
[Date "2014.10.04"]
[Round "2"]
[Board "1"]
[White "Saler-Grafenberger, Elisabeth"]
[Black "Tarmastin, Laura"]
[Result "0-1"]
[WhiteElo "1936"]
[BlackElo "1832"]
[PlyCount "64"]
[EventDate "2014.10.03"]
[EventType "team"]
[EventRounds "9"]
[EventCountry "AUT"]
[WhiteTeam "SpG Steyr 2"]
[BlackTeam "SV Autohof St. Veit/Glan"]

1. c4 Nf6 2. g3 g6 3. Bg2 Bg7 4. Nc3 d6 5. d4 O-O 6. Nf3 Nbd7 7. O-O e5 8. Bg5
h6 9. dxe5 dxe5 10. Be3 c6 11. h3 Qc7 12. Qd2 Kh7 13. Qc2 Nb6 14. Bxb6 axb6 15.
Rad1 Be6 16. b3 Rad8 17. g4 Kg8 18. Rxd8 Rxd8 19. Rd1 Rxd1+ 20. Qxd1 Nd7 21.
Ne4 f5 22. gxf5 gxf5 23. Qd6 Qxd6 24. Nxd6 Nc5 25. Ne8 e4 26. Nh4 Be5 27. b4
Nd7 28. c5 bxc5 29. bxc5 Nxc5 30. f4 Bxf4 31. Nf6+ Kf7 32. Nh5 Bg5 0-1

[Event "OEsterreichische Damenbundesliga 2014/2015"]
[Site "Hartkirchen, St. Veit, Mayrhofen"]
[Date "2014.10.04"]
[Round "2"]
[Board "2"]
[White "Krassnitzer, Maria"]
[Black "Hackbarth, Christa"]
[Result "0-1"]
[WhiteElo "1560"]
[BlackElo "1880"]
[PlyCount "48"]
[EventDate "2014.10.03"]
[EventType "team"]
[EventRounds "9"]
[EventCountry "AUT"]
[WhiteTeam "SV Autohof St. Veit/Glan"]
[BlackTeam "SpG Steyr 2"]

1. d4 d5 2. c4 c6 3. e3 Nf6 4. Nf3 Bg4 5. Nc3 e6 6. Be2 Nbd7 7. O-O Be7 8. a3
O-O 9. Nd2 Bf5 10. c5 e5 11. b4 a6 12. dxe5 Nxe5 13. Bb2 Ne8 14. Nf3 Nxf3+ 15.
Bxf3 Bf6 16. Qe2 Nc7 17. Rfd1 Qe7 18. e4 dxe4 19. Nxe4 Bxb2 20. Qxb2 Bxe4 21.
Re1 f5 22. Rad1 Rad8 23. Rxd8 Rxd8 24. Qb3+ Qe6 0-1

[Event "OEsterreichische Damenbundesliga 2014/2015"]
[Site "Hartkirchen, St. Veit, Mayrhofen"]
[Date "2014.10.04"]
[Round "2"]
[Board "1"]
[White "Anker, Christin"]
[Black "Trippold, Denise"]
[Result "0-1"]
[WhiteElo "1852"]
[BlackElo "2043"]
[PlyCount "158"]
[EventDate "2014.10.03"]
[EventType "team"]
[EventRounds "9"]
[EventCountry "AUT"]
[WhiteTeam "Schach ohne Grenzen"]
[BlackTeam "SK Advisory Invest Baden"]

1. e4 c5 2. Nf3 e6 3. d4 cxd4 4. Nxd4 Nc6 5. Nc3 Qc7 6. g3 a6 7. Bg2 Nf6 8. O-O
Nxd4 9. Qxd4 Bc5 10. Qd1 h6 11. Re1 d6 12. a4 O-O 13. Be3 Nd7 14. Bxc5 Qxc5 15.
Ne2 Ne5 16. c3 Bd7 17. Qd4 Qxd4 18. Nxd4 Rac8 19. Red1 Rfd8 20. h3 Be8 21. Ne2
Kf8 22. b3 Ke7 23. f4 Nd7 24. Kf2 Nc5 25. Rab1 Bc6 26. Ke3 f5 27. Rd4 Nxe4 28.
Bxe4 Bxe4 29. Rc1 g5 30. Rdd1 Rg8 31. Rg1 Bc6 32. Kd4 Kf6 33. h4 e5+ 34. Ke3
Rg7 35. c4 b6 36. Rcd1 Ke6 37. hxg5 hxg5 38. Nc3 exf4+ 39. gxf4 g4 40. Nd5 Bxd5
41. cxd5+ Kf6 42. Rh1 Kg6 43. Rde1 Re7+ 44. Kf2 Rc2+ 45. Kg3 Ree2 46. Rxe2 Rxe2
47. Rh8 Rd2 48. Rb8 Rd3+ 49. Kg2 Rxb3 50. Rd8 Rb4 51. Kg3 Rxa4 52. Rxd6+ Kf7
53. Rxb6 a5 54. Ra6 Ra3+ 55. Kg2 Rf3 56. Ra7+ Kf6 57. Ra6+ Ke7 58. Ra7+ Kd6 59.
Ra6+ Kxd5 60. Rxa5+ Ke4 61. Ra4+ Ke3 62. Rb4 Rxf4 63. Rb3+ Ke4 64. Rb4+ Ke5 65.
Rb5+ Kf6 66. Rb6+ Kg5 67. Rb8 Rd4 68. Rb3 Kf4 69. Ra3 Rd2+ 70. Kg1 g3 71. Ra4+
Kg5 72. Ra5 Kg4 73. Ra4+ f4 74. Kf1 Rb2 75. Kg1 Rf2 76. Kh1 Kh3 77. Kg1 Rc2 78.
Ra1 f3 79. Rd1 f2+ 0-1

[Event "OEsterreichische Damenbundesliga 2014/2015"]
[Site "Hartkirchen, St. Veit, Mayrhofen"]
[Date "2014.10.04"]
[Round "2"]
[Board "2"]
[White "Berger, Lisa"]
[Black "Wunderl, Eva"]
[Result "0-1"]
[WhiteElo "1565"]
[BlackElo "1882"]
[PlyCount "108"]
[EventDate "2014.10.03"]
[EventType "team"]
[EventRounds "9"]
[EventCountry "AUT"]
[WhiteTeam "SK Advisory Invest Baden"]
[BlackTeam "Schach ohne Grenzen"]

1. d4 d5 2. c4 e6 3. Nc3 Nf6 4. e3 a6 5. a3 Be7 6. b4 dxc4 7. Bxc4 O-O 8. Nf3
b6 9. O-O Bb7 10. Bb2 Nbd7 11. Re1 c5 12. dxc5 bxc5 13. bxc5 Qc7 14. Rc1 Nxc5
15. Be2 Rfd8 16. Qc2 Qa5 17. Ra1 Rac8 18. Qb1 Nb3 19. Ra2 Bxf3 20. Bxf3 Rxc3
21. Bxc3 Qxc3 22. Rc2 Qa5 23. Rd1 Nd2 24. Qc1 Nxf3+ 25. gxf3 Rxd1+ 26. Qxd1 h6
27. Rc8+ Kh7 28. a4 Nd5 29. Rc4 g6 30. f4 Qb6 31. Qc2 a5 32. Qc1 Qd6 33. Qb2
Bf6 34. Qc2 Nb4 35. Qc1 Kg7 36. Qe1 Qd5 37. Qe2 Qd7 38. Qe1 Qxa4 39. Rc1 Nd3
40. Qd1 Qxd1+ 41. Rxd1 Nb2 42. Ra1 Bc3 43. Kf1 Bb4 44. Ra2 Nd3 45. Ra1 Kf6 46.
Ke2 Nc5 47. f3 e5 48. fxe5+ Kxe5 49. Rd1 Ne6 50. Ra1 Kf5 51. Ra2 Kg5 52. Kf2
Kh4 53. Kg2 Nc5 54. Ra1 Nd3 0-1

[Event "OEsterreichische Damenbundesliga 2014/2015"]
[Site "Hartkirchen, St. Veit, Mayrhofen"]
[Date "2014.10.04"]
[Round "2"]
[Board "1"]
[White "Lasinger, Melanie"]
[Black "Zechner, Andrea"]
[Result "0-1"]
[WhiteElo "1491"]
[BlackElo "1896"]
[PlyCount "40"]
[EventDate "2014.10.03"]
[EventType "team"]
[EventRounds "9"]
[EventCountry "AUT"]
[WhiteTeam "JSV Muehlviertel"]
[BlackTeam "SV Extraherb WS"]

1. e4 c6 2. d4 d5 3. exd5 cxd5 4. Nf3 Nc6 5. Bd3 Bg4 6. c3 e6 7. Nbd2 Bd6 8. h3
Bh5 9. O-O Nf6 10. Re1 a6 11. a4 O-O 12. Qc2 Bg6 13. Bxg6 hxg6 14. Ne5 Qc7 15.
f4 Nxd4 16. Qd3 Nc6 17. Ndf3 Ne4 18. Nxc6 bxc6 19. Nd2 Qb6+ 20. Kf1 Qf2# 0-1

[Event "OEsterreichische Damenbundesliga 2014/2015"]
[Site "Hartkirchen, St. Veit, Mayrhofen"]
[Date "2014.10.04"]
[Round "2"]
[Board "2"]
[White "Tschida, Verena"]
[Black "Stockhammer, Lotte"]
[Result "1/2-1/2"]
[WhiteElo "1684"]
[BlackElo "1264"]
[PlyCount "112"]
[EventDate "2014.10.03"]
[EventType "team"]
[EventRounds "9"]
[EventCountry "AUT"]
[WhiteTeam "SV Extraherb WS"]
[BlackTeam "JSV Muehlviertel"]

1. d4 d5 2. Nf3 Nc6 3. Bf4 Nf6 4. Nc3 Bf5 5. a3 e6 6. e3 a6 7. Bd3 Bxd3 8. Qxd3
Bd6 9. Ne5 Bxe5 10. dxe5 Nd7 11. O-O-O Ndxe5 12. Qe2 Qe7 13. Qh5 Qf6 14. Bg3 g6
15. Qe2 Qe7 16. f4 Nd7 17. Qf2 f6 18. Rhe1 O-O-O 19. e4 Qc5 20. exd5 Qxf2 21.
Bxf2 exd5 22. Nxd5 f5 23. Bh4 Rde8 24. Nf6 Nxf6 25. Bxf6 Rhg8 26. g3 Nb8 27.
Bc3 Nc6 28. h3 Rd8 29. Rxd8+ Rxd8 30. Bf6 Rf8 31. Bc3 b5 32. b3 Kd7 33. Rd1+
Ke6 34. Re1+ Kd7 35. Rd1+ Ke6 36. Re1+ Kd7 37. Re2 Re8 38. Kd2 Rxe2+ 39. Kxe2
Ke6 40. Ke3 h5 41. Kf3 Kd5 42. Ke3 Ke6 43. Bg7 Kd5 44. c3 Na5 45. b4 Nb3 46.
Kd3 c6 47. Kc2 Kc4 48. h4 a5 49. Bf8 a4 50. Bg7 Kd5 51. Kd3 Ke6 52. c4 Kd6 53.
Bf8+ Ke6 54. cxb5 cxb5 55. Bc5 Kd5 56. Be3 Ke6 1/2-1/2

[Event "OEsterreichische Damenbundesliga 2014/2015"]
[Site "Hartkirchen, St. Veit, Mayrhofen"]
[Date "2014.10.05"]
[Round "3"]
[Board "1"]
[White "Hapala, Elisabeth"]
[Black "Truszkiewicz, Eliza"]
[Result "0-1"]
[WhiteElo "2074"]
[BlackElo "1929"]
[PlyCount "154"]
[EventDate "2014.10.03"]
[EventType "team"]
[EventRounds "9"]
[EventCountry "AUT"]
[WhiteTeam "ASVOE Pamhagen"]
[BlackTeam "SV Schachamazonen"]

1. e4 e5 2. Nf3 Nc6 3. Bb5 a6 4. Ba4 Nf6 5. O-O b5 6. Bb3 Be7 7. d4 d6 8. dxe5
Nxe5 9. Nxe5 dxe5 10. Qxd8+ Bxd8 11. a4 Bb7 12. f3 Be7 13. Be3 O-O 14. Na3 Bc6
15. axb5 axb5 16. c3 Rfd8 17. Nc2 Nd7 18. Nb4 Bb7 19. Rfd1 Nc5 20. Bd5 Bxd5 21.
Nxd5 Bf8 22. Rxa8 Rxa8 23. Nxc7 Rc8 24. Nxb5 Na4 25. Rd2 f6 26. Rc2 Rd8 27. c4
Nc5 28. Rd2 Rd3 29. Rxd3 Nxd3 30. b3 Bc5 31. Bxc5 Nxc5 32. b4 Nd3 33. c5 Nxb4
34. Kf1 Kf8 35. Ke2 Ke7 36. Kd2 Kd7 37. Kc3 Na6 38. Kc4 Kc6 39. g3 g5 40. g4
Nxc5 41. Na7+ Kd6 42. Nc8+ Kc6 43. Ne7+ Kd6 44. Nd5 Nd7 45. Kb5 Ke6 46. Kc6
Nb8+ 47. Kc7 Nd7 48. Kc6 Nf8 49. Ne3 Ng6 50. Ng2 Ne7+ 51. Kc7 Ng6 52. Kd8 Kf7
53. Kd7 Nf8+ 54. Kd6 Ne6 55. h4 Nd4 56. hxg5 Nxf3 57. gxf6 Kxf6 58. Ne3 Kg5 59.
Nc4 Kf4 60. Ke6 h6 61. Nd6 Kxg4 62. Nf7 h5 63. Nxe5+ Nxe5 64. Kxe5 h4 65. Kd6
h3 66. e5 h2 67. e6 h1=Q 68. e7 Qa8 69. Kd7 Qb7+ 70. Kd8 Qb8+ 71. Kd7 Qb5+ 72.
Kd8 Qd5+ 73. Kc7 Qe6 74. Kd8 Qd6+ 75. Ke8 Kf5 76. Kf8 Kf6 77. Kg8 Qxe7 0-1

[Event "OEsterreichische Damenbundesliga 2014/2015"]
[Site "Hartkirchen, St. Veit, Mayrhofen"]
[Date "2014.10.05"]
[Round "3"]
[Board "2"]
[White "Hiebler, Laura"]
[Black "Horvath, Maria"]
[Result "1-0"]
[WhiteElo "1921"]
[BlackElo "2033"]
[PlyCount "91"]
[EventDate "2014.10.03"]
[EventType "team"]
[EventRounds "9"]
[EventCountry "AUT"]
[WhiteTeam "SV Schachamazonen"]
[BlackTeam "ASVOE Pamhagen"]

1. e4 c5 2. Nf3 a6 3. d4 cxd4 4. Nxd4 e5 5. Nb3 Qc7 6. Nc3 Bb4 7. Bd2 Nf6 8. f3
O-O 9. Be2 b6 10. O-O Bb7 11. Kh1 Bxc3 12. Bxc3 d5 13. f4 Nbd7 14. exd5 Nxd5
15. Bd2 exf4 16. Bf3 N7f6 17. Bxf4 Nxf4 18. Bxb7 Qxb7 19. Rxf4 Rad8 20. Qf3
Qxf3 21. Rxf3 Rfe8 22. Rff1 Re2 23. Rad1 Rxd1 24. Rxd1 Kf8 25. Nd4 Re4 26. Kg1
Ng4 27. Nf5 g6 28. Rd8+ Re8 29. Rxe8+ Kxe8 30. Nd6+ Kf8 31. c4 Ne5 32. b3 f5
33. Kf2 Nd3+ 34. Ke3 Nc1 35. Nc8 Nxa2 36. Nxb6 Nb4 37. Kd4 Kf7 38. Ke5 Nd3+ 39.
Kd6 Nf2 40. b4 Ne4+ 41. Kd7 Nf6+ 42. Kd8 g5 43. c5 g4 44. c6 Ne8 45. Nd5 h5 46.
c7 1-0

[Event "OEsterreichische Damenbundesliga 2014/2015"]
[Site "Hartkirchen, St. Veit, Mayrhofen"]
[Date "2014.10.05"]
[Round "3"]
[Board "1"]
[White "Horvath, Reka"]
[Black "Mira, Helene"]
[Result "1-0"]
[WhiteElo "2012"]
[BlackElo "2049"]
[PlyCount "87"]
[EventDate "2014.10.03"]
[EventType "team"]
[EventRounds "9"]
[EventCountry "AUT"]
[WhiteTeam "SpG Feldbach-Kirchberg"]
[BlackTeam "SK Dornbirn"]

1. e4 e5 2. Nf3 Nc6 3. Bb5 a6 4. Ba4 Nf6 5. d4 exd4 6. O-O Be7 7. Re1 O-O 8. e5
Ne8 9. c3 d6 10. Bxc6 bxc6 11. cxd4 Be6 12. Nc3 dxe5 13. dxe5 c5 14. Qa4 c4 15.
Rd1 Qb8 16. Nd5 Bc5 17. Qxc4 c6 18. Qxc5 Bxd5 19. Nd4 Qb7 20. Nf5 Nc7 21. Ne7+
Kh8 22. Nxd5 Nxd5 23. b3 a5 24. Bd2 a4 25. bxa4 Rfe8 26. Rdc1 Rxa4 27. Qxc6
Qxc6 28. Rxc6 h6 29. Rc5 Rd4 30. Ba5 Kh7 31. g3 g5 32. Kg2 g4 33. Rb5 Kg6 34.
Rc1 Re6 35. Rcc5 Ne7 36. Rb4 Rxb4 37. Bxb4 h5 38. a4 Ra6 39. a5 Kf5 40. Rb5 Ke6
41. Rb6+ Rxb6 42. axb6 Nc6 43. b7 f6 44. exf6 1-0

[Event "OEsterreichische Damenbundesliga 2014/2015"]
[Site "Hartkirchen, St. Veit, Mayrhofen"]
[Date "2014.10.05"]
[Round "3"]
[Board "2"]
[White "Froewis, Annika"]
[Black "Wilfling, Sandra"]
[Result "1-0"]
[WhiteElo "1991"]
[BlackElo "1852"]
[PlyCount "73"]
[EventDate "2014.10.03"]
[EventType "team"]
[EventRounds "9"]
[EventCountry "AUT"]
[WhiteTeam "SK Dornbirn"]
[BlackTeam "SpG Feldbach-Kirchberg"]

1. e4 c5 2. Nf3 d6 3. d4 cxd4 4. Nxd4 Nf6 5. Nc3 a6 6. Be3 e6 7. f3 Be7 8. Qd2
Qc7 9. g4 Nc6 10. O-O-O Ne5 11. g5 Nfd7 12. Qg2 Nc4 13. Bf2 b5 14. f4 Bb7 15.
f5 e5 16. Nb3 Ndb6 17. h4 Rc8 18. Bxb6 Qxb6 19. Bxc4 Rxc4 20. Kb1 Rxc3 21. bxc3
Qe3 22. Rhe1 Qxc3 23. f6 gxf6 24. gxf6 Bf8 25. h5 d5 26. Qd2 Qxd2 27. Nxd2 d4
28. Nf3 Rg8 29. Nxe5 Rg5 30. Nf3 Rxh5 31. Nxd4 Bb4 32. Re2 Re5 33. Kb2 Ba5 34.
Nf5 Kf8 35. Rd7 Bxe4 36. Nd6 Bf5 37. Rxf7+ 1-0

[Event "OEsterreichische Damenbundesliga 2014/2015"]
[Site "Hartkirchen, St. Veit, Mayrhofen"]
[Date "2014.10.05"]
[Round "3"]
[Board "1"]
[White "Zechner, Andrea"]
[Black "Wu, Min"]
[Result "1/2-1/2"]
[WhiteElo "1896"]
[BlackElo "1929"]
[PlyCount "137"]
[EventDate "2014.10.03"]
[EventType "team"]
[EventRounds "9"]
[EventCountry "AUT"]
[WhiteTeam "SV Extraherb WS"]
[BlackTeam "Mayrhofen/SK Zell/Zillertal"]

1. d4 d5 2. c4 e6 3. Nf3 Nf6 4. e3 Be7 5. Nbd2 O-O 6. Bd3 c5 7. O-O Nc6 8. b3
cxd4 9. exd4 dxc4 10. Nxc4 Nb4 11. Bb1 b6 12. Bg5 Bb7 13. Nce5 Ne4 14. Bxe7
Qxe7 15. Qe1 Ng5 16. Qe3 Nxf3+ 17. Nxf3 Rac8 18. a3 Nd5 19. Qe5 Qf6 20. Be4
Qxe5 21. dxe5 Rc3 22. Nd4 a6 23. Rfd1 Rfc8 24. Kf1 h6 25. g3 Kf8 26. Ke1 R3c7
27. Kd2 Nc3 28. Bxb7 Rxb7 29. Rdc1 Rbc7 30. f3 Ke7 31. Rc2 Nd5 32. Rxc7+ Rxc7
33. Rc1 Rxc1 34. Kxc1 Kd7 35. Kd2 f6 36. f4 Ne7 37. Kd3 Nc6 38. Nxc6 Kxc6 39.
Kd4 f5 40. Kc4 h5 41. a4 Kb7 42. a5 Kc7 43. Kb4 Kc6 44. axb6 Kxb6 45. Ka4 a5
46. b4 axb4 47. Kxb4 Kc6 48. Ka5 Kc5 49. Ka6 Kc6 50. Ka7 Kc7 51. h3 h4 52. gxh4
g6 53. h5 gxh5 54. h4 Kc6 55. Kb8 Kd5 56. Kc7 Ke4 57. Kd6 Kxf4 58. Kxe6 Kg4 59.
Kd5 f4 60. e6 f3 61. e7 f2 62. e8=Q f1=Q 63. Qe4+ Kg3 64. Kd4 Qf6+ 65. Qe5+
Qxe5+ 66. Kxe5 Kg4 67. Ke4 Kxh4 68. Kf4 Kh3 69. Kf3 1/2-1/2

[Event "OEsterreichische Damenbundesliga 2014/2015"]
[Site "Hartkirchen, St. Veit, Mayrhofen"]
[Date "2014.10.05"]
[Round "3"]
[Board "2"]
[White "Mayrhuber, Nikola"]
[Black "Tschida, Verena"]
[Result "1-0"]
[WhiteElo "1804"]
[BlackElo "1684"]
[PlyCount "45"]
[EventDate "2014.10.03"]
[EventType "team"]
[EventRounds "9"]
[EventCountry "AUT"]
[WhiteTeam "Mayrhofen/SK Zell/Zillertal"]
[BlackTeam "SV Extraherb WS"]

1. d4 d5 2. Nf3 Nf6 3. c4 e6 4. Bg5 Be7 5. e3 O-O 6. Nc3 Nbd7 7. Rc1 c6 8. Bd3
dxc4 9. Bxc4 Nb6 10. Bd3 Nbd5 11. O-O Nb4 12. Bb1 Nfd5 13. Bxe7 Qxe7 14. a3
Nxc3 15. Rxc3 Nd5 16. Rc5 Bd7 17. Qc2 f5 18. Ne5 Nf6 19. Qb3 Be8 20. Bxf5 Nd5
21. Bb1 Bh5 22. Qd3 Nf6 23. g4 1-0

[Event "OEsterreichische Damenbundesliga 2014/2015"]
[Site "Hartkirchen, St. Veit, Mayrhofen"]
[Date "2014.10.05"]
[Round "3"]
[Board "1"]
[White "Molnar, Monika"]
[Black "Hackbarth, Christa"]
[Result "0-1"]
[WhiteElo "1914"]
[BlackElo "1880"]
[PlyCount "66"]
[EventDate "2014.10.03"]
[EventType "team"]
[EventRounds "9"]
[EventCountry "AUT"]
[WhiteTeam "Spg Steyr 1"]
[BlackTeam "SpG Steyr 2"]

1. e4 c6 2. d4 d5 3. e5 e6 4. Nf3 c5 5. Bb5+ Bd7 6. Bxd7+ Nxd7 7. c3 Ne7 8. O-O
Nc6 9. Be3 Qb6 10. b3 Rc8 11. Nbd2 cxd4 12. cxd4 Ba3 13. Nb1 Bb2 14. Nbd2 Nxd4
15. Nxd4 Bxd4 16. Nc4 dxc4 17. Bxd4 Qa5 18. bxc4 Rxc4 19. Qd3 Qd5 20. Rfd1 b6
21. Qe3 Qb7 22. Qg3 O-O 23. Be3 Rfc8 24. Bh6 g6 25. Qg5 f6 26. exf6 Kf7 27. Rd6
Nxf6 28. Re1 Rg4 29. Qxg4 Nxg4 30. Bg5 Rc6 31. Rd4 Nf6 32. Red1 Rc5 33. h4 Rd5
 0-1

[Event "OEsterreichische Damenbundesliga 2014/2015"]
[Site "Hartkirchen, St. Veit, Mayrhofen"]
[Date "2014.10.05"]
[Round "3"]
[Board "2"]
[White "Bernhard, Julia"]
[Black "Nagy, Laura"]
[Result "1/2-1/2"]
[WhiteElo "1754"]
[BlackElo "1880"]
[PlyCount "24"]
[EventDate "2014.10.03"]
[EventType "team"]
[EventRounds "9"]
[EventCountry "AUT"]
[WhiteTeam "SpG Steyr 2"]
[BlackTeam "Spg Steyr 1"]

1. e4 e5 2. Bc4 Bc5 3. Nf3 Nf6 4. O-O O-O 5. d3 d6 6. h3 h6 7. Re1 Re8 8. Nc3
Nc6 9. Bd2 Bb6 10. Bb3 Bc5 11. Bc4 Bb6 12. Bb3 Bc5 1/2-1/2

[Event "OEsterreichische Damenbundesliga 2014/2015"]
[Site "Hartkirchen, St. Veit, Mayrhofen"]
[Date "2014.10.05"]
[Round "3"]
[Board "1"]
[White "Newrkla, Katharina"]
[Black "Landl, Margot"]
[Result "1-0"]
[WhiteElo "2142"]
[BlackElo "1804"]
[PlyCount "73"]
[EventDate "2014.10.03"]
[EventType "team"]
[EventRounds "9"]
[EventCountry "AUT"]
[WhiteTeam "ASVOE Wulkaprodersdorf"]
[BlackTeam "SC Pinggau Friedberg"]

1. e4 e5 2. Nf3 Nc6 3. Bb5 a6 4. Ba4 Nf6 5. O-O Be7 6. Re1 b5 7. Bb3 d6 8. c3
O-O 9. h3 Na5 10. Bc2 c5 11. d4 Qc7 12. Nbd2 cxd4 13. cxd4 Nc6 14. Nb3 a5 15.
Be3 a4 16. Nbd2 Bd7 17. Rc1 Rfc8 18. Bd3 Qb7 19. Qe2 b4 20. Nc4 exd4 21. Nxd4
d5 22. Nb6 Nxd4 23. Rxc8+ Rxc8 24. Bxd4 Re8 25. e5 Bd8 26. Ba6 Qc7 27. Qf1 Qc6
28. Rc1 Qe6 29. Nxd7 Nxd7 30. Bb5 a3 31. bxa3 bxa3 32. Rc6 Qf5 33. Rd6 Re7 34.
Qc1 Qe4 35. Qc8 Qxd4 36. Qxd8+ Nf8 37. Qxf8+ 1-0

[Event "OEsterreichische Damenbundesliga 2014/2015"]
[Site "Hartkirchen, St. Veit, Mayrhofen"]
[Date "2014.10.05"]
[Round "3"]
[Board "1"]
[White "Tarmastin, Laura"]
[Black "Anker, Christin"]
[Result "1-0"]
[WhiteElo "1832"]
[BlackElo "1852"]
[PlyCount "65"]
[EventDate "2014.10.03"]
[EventType "team"]
[EventRounds "9"]
[EventCountry "AUT"]
[WhiteTeam "SV Autohof St. Veit/Glan"]
[BlackTeam "Schach ohne Grenzen"]

1. e4 e5 2. Nf3 Nc6 3. Bb5 a6 4. Ba4 Nf6 5. O-O Be7 6. Re1 b5 7. Bb3 O-O 8. c3
d6 9. h3 Na5 10. Bc2 c5 11. d4 Qc7 12. Nbd2 cxd4 13. cxd4 Rd8 14. b3 Nc6 15.
Bb2 Qb6 16. Nf1 Bb7 17. Rc1 Nd7 18. Ne3 Bf6 19. Nd5 Qa7 20. Bb1 Rac8 21. g4 g6
22. Nxf6+ Nxf6 23. Qd2 Kg7 24. d5 Ne7 25. Nxe5 dxe5 26. Bxe5 Rxc1 27. Rxc1 h6
28. Bxf6+ Kxf6 29. Qc3+ Kg5 30. Qe5+ Nf5 31. exf5 Qb6 32. f6+ Kh4 33. Qg3+ 1-0

[Event "OEsterreichische Damenbundesliga 2014/2015"]
[Site "Hartkirchen, St. Veit, Mayrhofen"]
[Date "2014.10.05"]
[Round "3"]
[Board "2"]
[White "Wunderl, Eva"]
[Black "Krassnitzer, Maria"]
[Result "1-0"]
[WhiteElo "1882"]
[BlackElo "1560"]
[PlyCount "115"]
[EventDate "2014.10.03"]
[EventType "team"]
[EventRounds "9"]
[EventCountry "AUT"]
[WhiteTeam "Schach ohne Grenzen"]
[BlackTeam "SV Autohof St. Veit/Glan"]

1. e4 d5 2. exd5 Qxd5 3. Nc3 Qa5 4. d3 Nf6 5. Bd2 Qb6 6. Rb1 Nc6 7. Be2 Bf5 8.
Nf3 O-O-O 9. Ng5 Bg6 10. Bf3 e6 11. Nge4 Be7 12. O-O Nd4 13. Be3 Nxf3+ 14. Qxf3
Qa5 15. Ng3 Nd5 16. Nxd5 Qxd5 17. Qxd5 exd5 18. Bd4 f6 19. Rfe1 Rhe8 20. a3 Bd6
21. b4 h5 22. Ne2 h4 23. h3 a6 24. Be3 Bh5 25. Nc3 c6 26. Na4 Re7 27. Nc5 Rde8
28. Kf1 Bh2 29. Nb3 f5 30. Nd4 f4 31. Bd2 Re5 32. Rxe5 Rxe5 33. Re1 f3 34. Nxf3
Bxf3 35. gxf3 Rxe1+ 36. Kxe1 Be5 37. a4 b5 38. axb5 axb5 39. Ke2 Kd7 40. f4 Bf6
41. Kf3 Ke6 42. Kg4 g6 43. c3 Be7 44. f3 Bf6 45. Be1 Kf7 46. d4 Ke6 47. Bxh4
Bg7 48. Bd8 Kd7 49. Bg5 Ke6 50. Bh4 Bh6 51. Bg5 Bg7 52. h4 Bf8 53. Bd8 Bh6 54.
Bc7 Kd7 55. Be5 Ke6 56. h5 gxh5+ 57. Kxh5 Bf8 58. Kg6 1-0

[Event "OEsterreichische Damenbundesliga 2014/2015"]
[Site "Hartkirchen, St. Veit, Mayrhofen"]
[Date "2014.10.05"]
[Round "3"]
[Board "1"]
[White "Trippold, Denise"]
[Black "Lasinger, Melanie"]
[Result "1-0"]
[WhiteElo "2043"]
[BlackElo "1491"]
[PlyCount "81"]
[EventDate "2014.10.03"]
[EventType "team"]
[EventRounds "9"]
[EventCountry "AUT"]
[WhiteTeam "SK Advisory Invest Baden"]
[BlackTeam "JSV Muehlviertel"]

1. d4 d5 2. c4 e6 3. Nf3 Nf6 4. g3 c6 5. Bg2 Nbd7 6. O-O h6 7. Qc2 dxc4 8. Qxc4
Be7 9. Nc3 O-O 10. e4 Nb6 11. Qe2 c5 12. Rd1 Bd7 13. d5 exd5 14. exd5 Bd6 15.
Qc2 Re8 16. a4 a5 17. h3 Qc8 18. Kh2 Qc7 19. Ng1 Re7 20. Nge2 Rae8 21. Bf3 Qc8
22. Bg2 Nfxd5 23. Bxd5 Nxd5 24. Rxd5 Be5 25. Be3 b6 26. Nf4 Bxf4 27. Bxf4 Bxh3
28. Bd6 Re6 29. Qd2 f6 30. Qf4 g5 31. Qd2 Bg4 32. Qd3 Kg7 33. f3 Bh5 34. g4 Bg6
35. Qb5 Re3 36. Kg2 Qb7 37. Bf4 Rxc3 38. Rd7+ Bf7 39. Rxb7 Rc2+ 40. Kg1 Ree2
41. Qd7 1-0

[Event "OEsterreichische Damenbundesliga 2014/2015"]
[Site "Hartkirchen, St. Veit, Mayrhofen"]
[Date "2014.10.05"]
[Round "3"]
[Board "2"]
[White "Stockhammer, Lotte"]
[Black "Stallinger, Vanessa"]
[Result "1/2-1/2"]
[WhiteElo "1264"]
[BlackElo "1572"]
[PlyCount "146"]
[EventDate "2014.10.03"]
[EventType "team"]
[EventRounds "9"]
[EventCountry "AUT"]
[WhiteTeam "JSV Muehlviertel"]
[BlackTeam "SK Advisory Invest Baden"]

1. d4 d5 2. c4 c6 3. Nc3 Nf6 4. Bg5 dxc4 5. e3 b5 6. a4 Bd7 7. Nf3 e6 8. Ne5
Bb4 9. Rc1 Qa5 10. Bxf6 gxf6 11. Nxd7 Nxd7 12. Be2 Nb6 13. O-O Bxc3 14. bxc3
Nxa4 15. Qc2 Qc7 16. Bxc4 Ke7 17. Bd3 Rag8 18. c4 Qb7 19. cxb5 cxb5 20. Qc7+
Qxc7 21. Rxc7+ Kd6 22. Rxa7 Rb8 23. Bxb5 Rxb5 24. Rxa4 Rhb8 25. g3 R8b7 26. Kg2
Rb2 27. Rfa1 Rc2 28. R1a2 Rc1 29. Ra6+ Kd5 30. R2a5+ Ke4 31. Ra7 Rb2 32. Ra2
Rxa2 33. Rxa2 Rc7 34. Ra5 f5 35. Ra8 e5 36. dxe5 Kxe5 37. Ra5+ Ke4 38. Ra3 Rd7
39. f3+ Ke5 40. Ra5+ Ke6 41. Ra6+ Ke5 42. f4+ Ke4 43. Ra5 f6 44. Ra6 Rf7 45.
Kf2 Kd5 46. Kf3 Rf8 47. Ra5+ Ke6 48. e4 fxe4+ 49. Kxe4 f5+ 50. Kd4 Rc8 51. Ke3
Kf6 52. Ra6+ Kf7 53. Rh6 Kg7 54. Re6 Ra8 55. h3 Ra3+ 56. Kf2 Ra2+ 57. Re2 Ra3
58. Re3 Ra6 59. Kf3 Rh6 60. h4 Rc6 61. g4 fxg4+ 62. Kxg4 Rg6+ 63. Kf5 Rf6+ 64.
Ke5 Rf8 65. Rg3+ Kf7 66. Kf5 Ke7+ 67. Ke5 Kf7 68. f5 Re8+ 69. Kf4 Kf6 70. Rg5
Re1 71. Rh5 Rf1+ 72. Ke4 Re1+ 73. Kf3 Rf1+ 1/2-1/2

[Event "OEsterreichische Damenbundesliga 2014/2015"]
[Site "Hartkirchen, St. Veit, Mayrhofen"]
[Date "2015.02.27"]
[Round "4"]
[Board "1"]
[White "Truszkiewicz, Eliza"]
[Black "Novkovic, Julia"]
[Result "0-1"]
[WhiteElo "1929"]
[BlackElo "2156"]
[PlyCount "66"]
[EventDate "2014.10.03"]
[EventType "team"]
[EventRounds "9"]
[EventCountry "AUT"]
[WhiteTeam "SV Schachamazonen"]
[BlackTeam "SK Dornbirn"]

1. e4 e5 2. Nf3 Nc6 3. Bc4 Nf6 4. d3 Be7 5. Nbd2 O-O 6. Nf1 d6 7. Ng3 Na5 8.
Bb3 Nxb3 9. axb3 Re8 10. O-O Bf8 11. Re1 h6 12. Bd2 g6 13. h3 Bg7 14. Bc3 Be6
15. d4 exd4 16. Bxd4 a6 17. e5 dxe5 18. Bxe5 c5 19. Qxd8 Raxd8 20. Bc7 Rc8 21.
Ba5 Nd5 22. c4 Nb4 23. Bxb4 cxb4 24. Re2 Red8 25. Ra4 Rd1+ 26. Kh2 Bf8 27. Ne5
Kg7 28. Ne4 f6 29. Nf3 Bd7 30. Ra5 Bc6 31. Nc5 Bd6+ 32. g3 Bxf3 33. Ne6+ Kf7
 0-1